Statistiques concernant Quiz sur 1981

Cliquez ici pour prendre le quiz!

Statistiques générales

  • Ce quiz a été pris 39 fois
  • Le résultat moyen est 9 sur 20

Statistiques - réponses

HintRéponse% Correct
Célèbre chanteur de reggae jamaïcain, auteur entre autres de Three Little Birds, mort en 1981Bob Marley
86%
Pays arabe qui relâche les otages américains qu'il détenait depuis plus d'un anIran
86%
Grand footballeur suédois connu pour sa longévité, passé par le PSG, l'AC Milan et l'AjaxZlatan Ibrahimovic
77%
Appareil de protection qui fait sa première apparition en Europe chez Mercedes-BenzAirbag
74%
Grand instigateur de l'abolition de la peine de mort en FranceRobert Badinter
69%
Pays du Moyen-Orient qui lance l'Opération Opéra, qui organise des bombardements sur un réacteur nucléaire chez un de ses voisinsIsraël
66%
Grand footballeur camerounais, grand attaquant de Chelsea et de Barcelone, qui a commencé à être connu en jouant à MajorqueSamuel Eto'o
63%
Organisation que rejoint la Grèce, devenant le dixième pays membreCEE
57%
Pays d'Afrique de l'Ouest qui abolit officiellement l'esclavageMauritanie
51%
Homme politique égyptien assassiné durant une parade militaire en 1981Anouar al-Sadate
49%
Archipel antillais qui se sépare de la couronne britannique le 1er novembreAntigua-et-Barbuda
34%
Action dans laquelle s'étaient engagés en prison Bobby Sands et dix autres membres de l'IRA, tous laissés pour compte, et dont les morts dans l'année provoquèrent des insurrectionsGrève de la faim
34%
Lieu dans lequel le Prince Charles et Lady Diana se sont dits oui, au cours du mariage le plus cher de l'HistoireCathédrale Saint-Paul
29%
Actrice interprétant Susan Storm dans Les Quatre Fantastiques et le Surfeur d'Argent, née en 1981Jessica Alba
29%
Modèle de navette spatiale qui effectue son premier vol en 1981Columbia
26%
Poste qu'occupait Louis Delamare, assassiné en fonction au LibanAmbassadeur de France
20%
Groupe de quatre personnalités politiques chinoises, dont le jugement se termine à la suite d'une arrestation intervenue juste après le décès du Grand TimonierBande des Quatre
20%
Territoire iranien que l'Irak envahit au début de l'année dans le cadre de la Première Guerre du GolfeKurdistan
17%
Général espagnol qui tente un coup d'état dans les Cortes le 23 févrierAntonio Tejero
9%
Nom donné aux homelands dans lesquels le gouvernement sud-africain parquait tous les citoyens considérés comme indésirables, à l'instar de celui de Ciskei, créé en 1981Bantoustan
9%

Distribution des résultats

Percentile par nombre de réponses

% des personnes avec chaque résultat

Votre développement - résultats

Vous n’avez pas pris ce quiz